Frank Rijkaard's the Netherlands - Statistics

General Stats
  • This quiz has been taken 7 times
  • The average score is 16 of 35
Answer Stats
Rank Player Position Nationality Matches Goals Assists % Correct
5 Edgar Davids Central Midfield 17 3 3
100%
4 Edwin van der Sar Goalkeeper 19 0 0
100%
7 Clarence Seedorf Central Midfield 16 0 1
86%
9 Jaap Stam Centre-Back 15 2 0
86%
1 Patrick Kluivert Centre-Forward 21 15 0
86%
6 Boudewijn Zenden Left Winger 16 4 3
71%
8 Dennis Bergkamp Second Striker 15 1 3
71%
2 Frank de Boer Centre-Back 19 3 0
71%
14 Giovanni van Bronckhorst Left-Back 12 0 0
71%
10 Marc Overmars Left Winger 14 3 0
71%
11 Ronald de Boer Right Winger 14 1 7
71%
13 Michael Reiziger Right-Back 12 1 1
57%
3 Phillip Cocu Defensive Midfield 19 0 0
57%
16 Ruud van Nistelrooy Centre-Forward 10 1 0
57%
26 André Ooijer Centre-Back 4 0 0
43%
17 Aron Winter Central Midfield 8 0 0
43%
29 Jimmy Floyd Hasselbaink Centre-Forward 3 0 0
43%
21 Arthur Numan Left-Back 5 0 0
29%
15 Bert Konterman Centre-Back 11 0 0
29%
19 Paul Bosvelt Defensive Midfield 6 0 0
29%
12 Peter van Vossen Left Winger 13 2 0
29%
25 Pierre van Hooijdonk Centre-Forward 5 1 0
29%
20 Roy Makaay Centre-Forward 6 0 0
29%
24 Sander Westerveld Goalkeeper 5 0 1
29%
32 Wim Jonk Defensive Midfield 1 0 0
29%
27 Winston Bogarde Centre-Back 3 0 0
29%
28 Dries Boussatta Right Winger 3 0 0
14%
30 Jean-Paul van Gastel Defensive Midfield 3 0 0
14%
22 Jeffrey Talan Right Winger 5 0 0
14%
23 Kees van Wonderen Centre-Back 5 0 1
14%
18 Marc van Hintum Left-Back 7 0 1
14%
34 Martijn Reuser Attacking Midfield 1 0 0
14%
31 Michael Mols Centre-Forward 3 0 0
14%
33 Oscar Moens Goalkeeper 1 0 0
14%
35 Youri Mulder Centre-Forward 1 0 0
14%
No matching quizzes found
Score Distribution
Percent of People with Each Score
Percentile by Number Answered
Your Score History
You have not taken this quiz